000 00480nam a2200181Ia 4500
008 100917s9999 xx 000 0 und d
082 _b54020
100 _aटागोर रवींद्रनाथ
245 _aकथाक दंब
260 _bएन. एन. दातार
_c1935
300 _a213
365 _b1.25
520 _aकथा
630 _aकथाक दंब
650 _aकथा
730 _aकथाक दंब
942 _cBOOK
999 _c659414
_d659411